00429nam a2200157Ia 450000500170000000800410001708200130005810000140007124500130008526000300009830000130012865000100014194200060015195200990015799900150025620250406064103.0240331s9999 xx 000 0 und d bSENa894 aSengai, A 0aKaaddaru aColombobVirakesaric1977 a244 p ., aNoval cL 001040708LaWERCLbWERCLcSSCd2024-03-31l0o 894.811 SENp4511r2024-03-31w2024-03-31yL c4125d4125